000 00982nam a2200205 i 4500
001 183340
003 ES-MaACL
005 20240523153404.0
008 140327s2013 sp |||| | spa d
100 1 _aLaorden Jiménez, Luis.
_9154624
245 1 3 _aLa vida y el recuerdo de Fray Junípero Serra
_b: fundador de misiones en Sierra Gorda de Querétaro y Alta California 1713-1784 = The life and legacy of Fray Junípero Serra : founder of Missions in Sierra Gorda de Querétaro and Alta California 1713-1784 /
_cLuis Laorden Jiménez.
260 _aMadrid :
_bFundación Consejo España - EE.UU.,
_c2013.
300 _a70 p. ;
_c24 cm.
500 _aTexto bilingüe español-inglés.
600 1 7 _aJunípero Serra,
_cSanto,
_d1713-1784
_2
_9153812
852 _aES-MaACL
_jA-13080
_9190279
_bR.149879
_cDEPO1
_dOlim: N-6080
_hDonación: Luis Laorden Jiménez
903 _9154624
_aLaorden Jiménez, Luis
_ednr
942 _2udc
_cMONOGRAFIA
999 _c183340
_d183340